000 00797nam a2200181Ia 4500
008 100921s9999 xx 000 0 und d
082 _b15867
_a920-2 थ 75
100 _aसरदार गंगाधर बाळकृष्ण.
245 _aआगरकरांचा सामाजिक तत्वविचार.
260 _bव्हिनस प्रकाशन, पुणे.
_c1975
300 _a199
_b---
365 _b12.5
520 _aचरित्र व कार्य-आगरकर.
630 _aआगरकरांचा सामाजिक तत्वविचार.
650 _aचरित्र व कार्य-आगरकर.
730 _aआगरकरांचा सामाजिक तत्वविचार.
942 _cBOOK
999 _c764980
_d764977